LEADER 01779nam a2200325 i 4500 001 000000149744 003 CaOOAMICUS 005 20060426000000.0 008 060426s2003 it u000 u ita u 013 $a127075 020 $a88-14-10450-6 040 $aSeMil$bita 245 10$aCommercio elettronico e servizi della società dell'informazione :$ble regole giuridiche del mercato interno e comunitario : commento al D.Lgs. 9 aprile 2003, n. 70 /$ca cura di Emilio Tosi ; Presentazione di G. Alpa ; Premessa di V. Franceschelli ; Contributi di G. Buonomo ... [et al.]. 260 $aMilano :$bGiuffrè,$c2003. 300 $aXVII, 507 p. ;$c24 cm. 490 0 $aDiritto delle nuove tecnologie : Internet, Informatica, Telematica ;$v1 500 $aDono del card. Dionigi Tettamanzi. 650 4$aCommercio elettronico - Legislazione.$0(OLS)http://semarc/subject/29276 700 1 $aTosi, Emilio.$0(OLS)http://semarc/name/7259 700 1 $aBuonomo, Giovanni.$0(OLS)http://semarc/name/59127 700 1 $aFranceschelli, Vincenzo.$0(OLS)http://semarc/name/7258 700 1 $aAlpa, Guido.$0(OLS)http://semarc/name/23883 830 0$aDiritto delle nuove tecnologie : Internet, Informatica, Telematica ;$v1.$0(OLS)http://semarc/title/20763 850 $aSeMil 852 $aSeMil$W1$xVenegono$y1$m3L IV 12$j101943$B101943$CSeMilBibl$Z2$F111847 $81 941 1 $a5 961 $aOmaggio: Tettamanzi Card. Dionigi 996 $6020$a88-14-10450-6$9(OLS)http://semarc/number/138952 996 $6245$aCommercio elettronico e servizi della società dell'informazione :$ble regole giuridiche del mercato interno e comunitario : commento al D.Lgs. 9 aprile 2003, n. 70$9(OLS)http://semarc/title/218913 996 $6260$aMilano :$bGiuffrè$9(OLS)http://semarc/publisher/29926 LEADER 01568nam a2200325 i 4500 001 000000005016 003 CaOOAMICUS 005 20200506153543.0 008 180830s2017 it u000 u ita u 020 $a978-88-04-65746-0 040 $aSeMil$bita 100 1 $aMilani, Lorenzo,$c.$0(OLS)http://semarc/name/17098 245 10$aTutte le opere /$cdon Lorenzo Milani ; edizione diretta da Alberto Melloni ; a cura di Federico Ruozzi e di Anna Carfora, Valentina Oldano, Sergio Tanzarella. 260 $aMilano :$bMondadori,$c2017. 300 $a2 v. ;$c18 cm. 500 $aIn custodia. 600 14$aMilani, Lorenzo .$0(OLS)http://semarc/subject/9740 650 4$aMilani, Lorenzo - Opere.$0(OLS)http://semarc/subject/44632 700 1 $aMelloni, Alberto,$d<1959- >.$0(OLS)http://semarc/name/1370 700 1 $aCarfora, Anna,$d<1959- >.$0(OLS)http://semarc/name/91546 700 1 $aOldano, Valentina <1981-2017>.$0(OLS)http://semarc/name/89399 700 1 $aTanzarella, Sergio,$d<1959- >.$0(OLS)http://semarc/name/89122 700 1 $aRuozzi, Federico,$d<1981- >.$0(OLS)http://semarc/name/89398 774 0 $tTomo 1.$w()255171 774 0 $tTomo 2.$w()255166 830 2$aI Meridiani. Classici dello spirito.$0(OLS)http://semarc/title/23244 996 $6020$a978-88-04-65746-0$9(OLS)http://semarc/number/269689 996 $6245$aTutte le opere$9(OLS)http://semarc/title/2793 996 $6260$aMilano :$bMondadori$9(OLS)http://semarc/publisher/30335